000
00320nam a2200109Ia 4500
008
160531s9999 xx 000 0 und d
100
_a
Betts, J.
245
_a
Anatomy and Physiology
245
_c
by J. Betts
260
_c
2013
856
_u
http://cnx.org/contents/FPtK1zmh@8.25:raNQgZ7E@3/Overview-of-Anatomy-and-Physio
999
_c
295385
_d
295385